[Event "GER-ch U12"]
[Site "Willingen"]
[Date "2006.06.09"]
[Round "11"]
[White "Wendling, Florian"]
[Black "Wang, Zhangxian"]
[Result "1/2-1/2"]
[WhiteElo "1628"]
[BlackElo "1998"]
[PlyCount "66"]
[EventDate "2006.06.03"]
[EventType "swiss"]
[EventRounds "11"]
[EventCountry "GER"]
[SourceTitle "EXT 2007"]
[Source "ChessBase"]
[SourceDate "2006.11.23"]
[SourceVersion "1"]
[SourceVersionDate "2006.11.23"]
[SourceQuality "1"]

1. e4 c6 2. Ne2 d5 3. e5 Bg4 4. f3 Bd7 5. d4 c5 6. dxc5 Bb5 7. Nbc3 Bxe2 8. Bxe2 e6 9. Be3 Nd7 10. Bb5 a6 11. Ba4 Rc8 12. b4 b6 13. c6 b5 14. cxd7+ Qxd7 15. Nxd5 bxa4 16. Nf4 Bxb4+ 17. Ke2 Qxd1+ 18. Kxd1 Bc3 19. Rb1 Bxe5 20. Nd3 Bc3 21. Nc5 Nf6 22. Nxa4 Ba5 23. c4 0-0 24. Rc1 Rb8 25. c5 Nd5 26. Bd2 Bxd2 27. Kxd2 Rb4 28. Nc3 Rd8 29. Rc2 Nf4+ 30. Ke3 Rd3+ 31. Kf2 Rc4 32. Rhc1 Rd8 33. Ne4 Rcd4 1/2-1/2

[Event "GER-ch U12"]
[Site "Willingen"]
[Date "2006.06.06"]
[Round "6"]
[White "Kropman, Alexei"]
[Black "Wang, Zhangxian"]
[Result "1/2-1/2"]
[WhiteElo "1669"]
[BlackElo "1998"]
[PlyCount "80"]
[EventDate "2006.06.03"]
[EventType "swiss"]
[EventRounds "11"]
[EventCountry "GER"]
[SourceTitle "EXT 2007"]
[Source "ChessBase"]
[SourceDate "2006.11.23"]
[SourceVersion "1"]
[SourceVersionDate "2006.11.23"]
[SourceQuality "1"]

1. e4 c6 2. d4 d5 3. Nc3 dxe4 4. Nxe4 Nf6 5. Nxf6+ gxf6 6. c3 Bf5 7. Nf3 e6 8. g3 Bd6 9. Bg2 Nd7 10. Nh4 Bg6 11. 0-0 Qc7 12. f4 f5 13. Qe1 0-0-0 14. Be3 Be7 15. Nf3 h5 16. h4 Nf6 17. Bf2 Ne4 18. Ne5 Rhg8 19. Kh2 Bd6 20. Rd1 f6 21. Nxg6 Rxg6 22. Bxe4 fxe4 23. Qxe4 f5 24. Qf3 Rdg8 25. Rg1 Rg4 26. Rde1 Re8 27. Be3 Be7 28. Rg2 Reg8 29. Ree2 Bf6 30. Rc2 Qa5 31. b4 Qd5 32. Qxd5 exd5 33. Rce2 Kd7 34. Bd2 b5 35. Be1 Re8 36. Rxe8 Kxe8 37. Re2+ Kd7 38. a3 Rg7 39. Bf2 a6 40. Ra2 Kc7 1/2-1/2

[Event "Sachsen-ch U14"]
[Site "Sebnitz"]
[Date "2006.04.20"]
[Round "4"]
[White "Wang, Zhangxian"]
[Black "Meissner, Felix"]
[Result "0-1"]
[WhiteElo "1998"]
[BlackElo "1624"]
[PlyCount "56"]
[EventDate "2006.04.18"]
[EventType "swiss"]
[EventRounds "7"]
[EventCountry "GER"]
[SourceTitle "EXT 2007"]
[Source "ChessBase"]
[SourceDate "2006.11.23"]
[SourceVersion "1"]
[SourceVersionDate "2006.11.23"]
[SourceQuality "1"]

1. e4 c5 2. Nf3 d6 3. d4 cxd4 4. Nxd4 Nf6 5. Nc3 a6 6. Be3 e5 7. Nb3 Be6 8. f3 Be7 9. Qd2 Nbd7 10. 0-0-0 Qc7 11. g4 Rc8 12. h4 d5 13. exd5 Nxd5 14. Nxd5 Bxd5 15. Qf2 Bxf3 16. Rxd7 Kxd7 17. Rh2 Qc6 18. Na5 Qd5 19. Qd2 Bb4 20. Qxd5+ Bxd5 21. Nb3 Kc7 22. Nc5 Rhd8 23. a3 Bxc5 24. Bxc5 Bf3 25. Be2 Bxe2 26. Rxe2 Rd5 27. Be7 Re8 28. Bg5 Rd4 0-1

[Event "Leipzig VfB op 13th"]
[Site "Leipzig"]
[Date "2006.03.18"]
[Round "8"]
[White "Wang, Zhangxian"]
[Black "Doberitz, Paul"]
[Result "0-1"]
[WhiteElo "1998"]
[BlackElo "1761"]
[PlyCount "102"]
[EventDate "2006.03.14"]
[EventType "swiss"]
[EventRounds "9"]
[EventCountry "GER"]
[SourceTitle "EXT 2008"]
[Source "ChessBase"]
[SourceDate "2007.11.25"]
[SourceVersion "1"]
[SourceVersionDate "2007.11.25"]
[SourceQuality "1"]

1. e4 c5 2. Nf3 d6 3. d4 cxd4 4. Nxd4 Nf6 5. Nc3 g6 6. Be3 Bg7 7. f3 Nc6 8. Bc4 Qa5 9. Qd2 Qb4 10. Bb5 Bd7 11. Nb3 Na5 12. Nxa5 Bxb5 13. Nb3 Bd7 14. 0-0-0 Rc8 15. Bd4 0-0 16. Kb1 Be6 17. Bxf6 Bxf6 18. Nd5 Qxd2 19. Nxf6+ Kg7 20. Nh5+ Kh6 21. Rxd2 Bxb3 22. axb3 Kxh5 23. Rd5+ Kh6 24. Rhd1 Rc7 25. c3 Rfc8 26. e5 dxe5 27. Rxe5 Kg7 28. Red5 Kf6 29. Kc2 e5 30. Re1 Re8 31. b4 Rce7 32. Re4 Kg7 33. Kd3 f5 34. Re2 Kf6 35. Rd6+ Re6 36. Rxe6+ Kxe6 37. b3 Kd5 38. c4+ Ke6 39. Kc3 Rd8 40. Rd2 Rxd2 41. Kxd2 a6 42. Kc3 Kd6 43. Kd3 Ke6 44. Kc3 e4 45. Kd4 exf3 46. gxf3 g5 47. Ke3 Ke5 48. f4+ gxf4+ 49. Kf3 h6 50. h3 Ke6 51. Kxf4 Kf6 0-1

[Event "Leipzig VfB op 13th"]
[Site "Leipzig"]
[Date "2006.03.15"]
[Round "2"]
[White "Wang, Zhangxian"]
[Black "Just, Wolfgang"]
[Result "0-1"]
[WhiteElo "1998"]
[BlackElo "2183"]
[PlyCount "78"]
[EventDate "2006.03.14"]
[EventType "swiss"]
[EventRounds "9"]
[EventCountry "GER"]
[SourceTitle "EXT 2008"]
[Source "ChessBase"]
[SourceDate "2007.11.25"]
[SourceVersion "1"]
[SourceVersionDate "2007.11.25"]
[SourceQuality "1"]

1. e4 e6 2. d4 d5 3. Nd2 dxe4 4. Nxe4 Bd7 5. Nf3 Bc6 6. Bd3 Bxe4 7. Bxe4 c6 8. Bf4 Nf6 9. Bd3 Nbd7 10. 0-0 Nh5 11. Bg5 Be7 12. Bxe7 Qxe7 13. Ne5 Nf4 14. Nxd7 Qxd7 15. Be4 0-0-0 16. c3 f5 17. Bf3 g5 18. g3 Nh3+ 19. Kg2 g4 20. Bxg4 Nf4+ 21. gxf4 fxg4 22. Rg1 Rdf8 23. Kf1 h5 24. Qd2 Rh6 25. Re1 Rhf6 26. Qe3 Rxf4 27. Rg2 R8f6 28. Qe5 R4f5 29. Qe4 Qc7 30. Re2 Qf7 31. Ke1 Rf4 32. Qe5 Qg6 33. Kf1 Qb1+ 34. Re1 Qxb2 35. Re2 Qb1+ 36. Re1 Qxa2 37. Re2 Qa1+ 38. Re1 Qxc3 39. Qxh5 Qxd4 0-1

[Event "Leutersdorf Muench Braeu op 11th"]
[Site "Leutersdorf"]
[Date "2006.02.14"]
[Round "5"]
[White "Graf, Felix"]
[Black "Wang, Zhangxian"]
[Result "1-0"]
[WhiteElo "2209"]
[BlackElo "1998"]
[PlyCount "75"]
[EventDate "2006.02.11"]
[EventType "swiss"]
[EventRounds "9"]
[EventCountry "GER"]
[SourceTitle "CBM 110 Extra"]
[Source "ChessBase"]
[SourceDate "2006.03.10"]
[SourceVersion "2"]
[SourceVersionDate "2006.03.10"]
[SourceQuality "1"]

1. d4 c6 2. c4 d5 3. Nc3 Nf6 4. e3 e6 5. Bd2 Nbd7 6. g4 Bd6 7. g5 Ng8 8. cxd5 exd5 9. h4 Ne7 10. Bd3 Nb6 11. Qc2 Be6 12. 0-0-0 Qd7 13. f3 0-0-0 14. Nge2 Kb8 15. Kb1 Rc8 16. e4 f6 17. Bf4 Bf7 18. Qd2 Nc4 19. Bxc4 dxc4 20. Bxd6+ Qxd6 21. Qf4 Qxf4 22. Nxf4 Rcd8 23. Kc2 Ng6 24. Nh5 fxg5 25. hxg5 Rhg8 26. f4 Ne7 27. f5 h6 28. g6 Be8 29. Ne2 Bd7 30. Rdf1 Bc8 31. Kc3 b5 32. Rhg1 c5 33. dxc5 Bxf5 34. exf5 Nd5+ 35. Kc2 Ne3+ 36. Kc1 Nxf1 37. Rxf1 Rd5 38. Nxg7 1-0

[Event "GER-ch U12"]
[Site "Willingen"]
[Date "2005.05.18"]
[Round "7"]
[White "Wang, Zhangxian"]
[Black "Duenzel, Jonas"]
[Result "1/2-1/2"]
[WhiteElo "1734"]
[BlackElo "1516"]
[PlyCount "78"]
[EventDate "2005.05.14"]
[EventType "swiss"]
[EventRounds "11"]
[EventCountry "GER"]
[SourceTitle "CBM 106 Extra"]
[Source "ChessBase"]
[SourceDate "2005.07.01"]
[SourceVersion "1"]
[SourceVersionDate "2005.07.01"]
[SourceQuality "1"]

1. e4 c5 2. Nf3 Nc6 3. d4 cxd4 4. Nxd4 Nf6 5. Nc3 e5 6. Ndb5 d6 7. Bg5 a6 8. Na3 b5 9. Bxf6 gxf6 10. Nd5 f5 11. c3 fxe4 12. Bxb5 Bd7 13. Bxa6 Rxa6 14. Nb5 Ra7 15. Nxa7 Nxa7 16. b4 Be7 17. Qe2 Bc6 18. Nxe7 Kxe7 19. Qe3 Nc8 20. a4 Nb6 21. b5 Bd5 22. a5 Nc4 23. Qg5+ f6 24. Qg7+ Ke6 25. 0-0 Nd2 26. Rfd1 Rg8 27. Qh6 Nf3+ 28. Kh1 Ng5 29. h4 Nf7 30. Qe3 f5 31. g3 f4 32. Qd2 Qa8 33. Kh2 e3 34. fxe3 Rxg3 35. Qxd5+ Qxd5 36. Rxd5 Kxd5 37. a6 Rg8 38. b6 Kc6 39. Rb1 Nd8 1/2-1/2

[Event "Leipzig VfB op 12th"]
[Site "Leipzig"]
[Date "2005.03.03"]
[Round "4"]
[White "Schroeder, Werner"]
[Black "Wang, Zhangxian"]
[Result "1/2-1/2"]
[WhiteElo "1540"]
[BlackElo "1666"]
[PlyCount "58"]
[EventDate "2005.01.03"]
[EventType "swiss"]
[EventRounds "9"]
[EventCountry "GER"]
[SourceTitle "EXT 2008"]
[Source "ChessBase"]
[SourceDate "2007.11.25"]
[SourceVersion "1"]
[SourceVersionDate "2007.11.25"]
[SourceQuality "1"]

1. f4 g6 2. Nf3 Bg7 3. Nc3 d6 4. e4 c5 5. Bb5+ Bd7 6. Qe2 a6 7. Bxd7+ Qxd7 8. Nd5 Qc6 9. d3 e6 10. Bd2 Ne7 11. Nxe7 Kxe7 12. e5 d5 13. d4 Rc8 14. a3 Ke8 15. Rc1 cxd4 16. Nxd4 Qc4 17. Qxc4 Rxc4 18. c3 Rc7 19. Ke2 Nc6 20. b4 Rac8 21. Nxc6 Rxc6 22. Kd3 b5 23. Be3 Bf8 24. Bd4 Be7 25. Ra1 Bd8 26. a4 Bb6 27. axb5 axb5 28. Bxb6 Rxb6 29. Ra5 Kd7 1/2-1/2

[Event "Leipzig VfB op 12th"]
[Site "Leipzig"]
[Date "2005.03.01"]
[Round "1"]
[White "Wang, Zhangxian"]
[Black "Wagner, Bernd"]
[Result "1/2-1/2"]
[WhiteElo "1666"]
[BlackElo "2114"]
[PlyCount "105"]
[EventDate "2005.01.03"]
[EventType "swiss"]
[EventRounds "9"]
[EventCountry "GER"]
[SourceTitle "EXT 2008"]
[Source "ChessBase"]
[SourceDate "2007.11.25"]
[SourceVersion "1"]
[SourceVersionDate "2007.11.25"]
[SourceQuality "1"]

1. e4 e6 2. d4 d5 3. Nd2 dxe4 4. Nxe4 Bd7 5. Nf3 Bc6 6. Bd3 Nd7 7. c3 Ngf6 8. Nxf6+ Nxf6 9. Bg5 Be7 10. 0-0 Bxf3 11. Qxf3 Qd5 12. Qxd5 Nxd5 13. Bxe7 Nxe7 14. Rae1 0-0-0 15. f4 g6 16. Be4 h5 17. g3 Nd5 18. Bg2 h4 19. Re5 c6 20. Bxd5 cxd5 21. g4 h3 22. Kf2 Rh4 23. Kg3 Rdh8 24. Rc1 f5 25. gxf5 exf5 26. Rf1 Rg4+ 27. Kf3 Rhh4 28. Ke3 Rg2 29. Rf2 Rhg4 30. Rxd5 Rxf2 31. Kxf2 Rg2+ 32. Kf3 Rxh2 33. Kg3 Rxb2 34. Kxh3 Rxa2 35. Kh4 Kc7 36. Kg5 Rg2+ 37. Kf6 b6 38. Ke7 Re2+ 39. Re5 Rd2 40. Kf6 Rg2 41. Re7+ Kb8 42. Re8+ Kc7 43. Re7+ Kc6 44. Rxa7 Rf2 45. Ke5 Re2+ 46. Kf6 Re4 47. Kxg6 Rxf4 48. Rf7 Rf3 49. c4 Rf4 50. d5+ Kc5 51. Rc7+ Kd6 52. Rc6+ Ke5 53. Re6+ 1/2-1/2

[Event "GER-chT U12"]
[Site "Verden"]
[Date "2004.12.28"]
[Round "4.2"]
[White "Smolkina, Milana"]
[Black "Wang, Zhangxian"]
[Result "1-0"]
[WhiteElo "1750"]
[BlackElo "1704"]
[PlyCount "75"]
[EventDate "2004.12.27"]
[EventType "team-swiss"]
[EventRounds "7"]
[EventCountry "GER"]
[SourceTitle "EXT 2006"]
[Source "ChessBase"]
[SourceDate "2005.11.24"]
[SourceVersion "1"]
[SourceVersionDate "2005.11.24"]
[SourceQuality "1"]

1. e4 c6 2. d4 d5 3. exd5 cxd5 4. c4 Nf6 5. Nc3 g6 6. Bg5 Bg7 7. Bxf6 Bxf6 8. cxd5 0-0 9. Bc4 Na6 10. Bxa6 bxa6 11. Nge2 Rb8 12. Qc2 Bb7 13. 0-0 Bxd5 14. Nxd5 Qxd5 15. Rfd1 Qb5 16. b3 Rbc8 17. Qd3 Rfd8 18. Qe4 Rc7 19. Rac1 Rxc1 20. Rxc1 Qd5 21. Qxd5 Rxd5 22. Kf1 Bxd4 23. Rd1 e5 24. Nxd4 exd4 25. Ke2 Kg7 26. Kd3 Rd8 27. Rc1 Rd6 28. Rc7 Kf6 29. Rxa7 h6 30. Rc7 Ke6 31. b4 f6 32. g3 Ke5 33. Re7+ Re6 34. Rxe6+ Kxe6 35. Kxd4 Kd6 36. a4 Kc6 37. Kc4 g5 38. g4 1-0

[Event "GER-ch U10"]
[Site "Willingen"]
[Date "2004.06.02"]
[Round "7"]
[White "Wang, Zhangxian"]
[Black "Ma, Beini"]
[Result "1-0"]
[WhiteElo "1598"]
[BlackElo "1312"]
[PlyCount "41"]
[EventDate "2004.06.??"]
[EventType "swiss"]
[EventRounds "11"]
[EventCountry "GER"]
[SourceTitle "EXT 2005"]
[Source "ChessBase"]
[SourceDate "2004.11.15"]
[SourceVersion "1"]
[SourceVersionDate "2004.11.15"]
[SourceQuality "1"]

1. e4 c5 2. Nf3 d6 3. d4 cxd4 4. Nxd4 Nf6 5. Nc3 g6 6. Be3 Bg7 7. f3 0-0 8. Qd2 Nc6 9. Bc4 Ne5 10. Bb3 a6 11. 0-0-0 Re8 12. g4 Bd7 13. h4 b5 14. h5 Qa5 15. hxg6 hxg6 16. Bh6 Bh8 17. Bf8 Nh5 18. Bxe7 Ng3 19. Rxh8+ Kxh8 20. Qh6+ Kg8 21. Bf6 1-0